| 000 | 00507 a2200157 4500 | ||
|---|---|---|---|
| 005 | 20260309140612.0 | ||
| 008 | 251223b |||||||| |||| 00| 0 eng d | ||
| 020 | _a9789789789788 | ||
| 080 |
_a89M-94 _bRAJ/D |
||
| 100 | _aRajeevkumar,M. | ||
| 245 | _aDigambarasmaranakal Third part(ദിഗംബരസ്മരണകൾ മൂന്നാം ഭാഗം) | ||
| 260 |
_bParidhi publications. _aThiruvananthapuram. _c2021. |
||
| 300 | _a276p. | ||
| 653 | _aMemories-Malayalam literature | ||
| 942 | _cOO | ||
| 999 |
_c114588 _d114587 |
||